Transporter, The (Record no. 16908)

MARC details
000 -LEADER
fixed length control field 02078ngm a2200421 4500
003 - CONTROL NUMBER IDENTIFIER
control field dpl
005 - DATE AND TIME OF LATEST TRANSACTION
control field 20080723110517.0
007 - PHYSICAL DESCRIPTION FIXED FIELD--GENERAL INFORMATION
fixed length control field DVD
008 - FIXED-LENGTH DATA ELEMENTS--GENERAL INFORMATION
fixed length control field ||||||sp199 xxu|||||c|||| 00| 0 eng d
010 ## - LIBRARY OF CONGRESS CONTROL NUMBER
LC control number DVD-001053-1055 DVD-001622
024 ## - OTHER STANDARD IDENTIFIER
Standard number or code 23787
Terms of availability 499.00
035 ## - SYSTEM CONTROL NUMBER
System control number DVD-001053-1055 DVD-001622
040 ## - CATALOGING SOURCE
Original cataloging agency DPL
Transcribing agency DPL
082 ## - DEWEY DECIMAL CLASSIFICATION NUMBER
Classification number DVD / TRAN
245 ## - TITLE STATEMENT
Title Transporter, The
Statement of responsibility, etc 20th Century Fox Presents
Medium [videorecording] DVD/
260 ## - PUBLICATION, DISTRIBUTION, ETC. (IMPRINT)
Name of publisher, distributor, etc 20th Century Fox Homeentertainment
300 ## - PHYSICAL DESCRIPTION
Extent 1 videodisc DVD; (92 min.) :
Other physical details sd., col. ;
Dimensions 4 3/4 in.
Type of unit DVD
440 ## - SERIES STATEMENT/ADDED ENTRY--TITLE
Title 20th Centyry Fox Home Entertainment
500 ## - GENERAL NOTE
General note Sole Distributor in India M/s. Excel Productions Autio Visuals Pvt. Ltd.
500 ## - GENERAL NOTE
General note "A High Octane Thrill Ride"
500 ## - GENERAL NOTE
General note This DVD is Copy Protected
538 ## - SYSTEM DETAILS NOTE
System details note Dolby Digital 5.1-English Subtitles: English, Korean, Cantonese, Thai, , Mandarin
538 ## - SYSTEM DETAILS NOTE
System details note Aspect Ratio: 2.35:1, Presentation type: Wide Screen, Presentation Size 16x9 Format DVD 9 Dual Layer Single Sided Disc.
650 ## - SUBJECT ADDED ENTRY--TOPICAL TERM
Topical term or geographic name as entry element Mothin Picture
700 ## - ADDED ENTRY--PERSONAL NAME
Personal name Statham, Jaosn
700 ## - ADDED ENTRY--PERSONAL NAME
Personal name Qi, Shu
700 ## - ADDED ENTRY--PERSONAL NAME
Personal name Berleand, Francois
700 ## - ADDED ENTRY--PERSONAL NAME
Personal name Schule, Matt
700 ## - ADDED ENTRY--PERSONAL NAME
Personal name Clarke, Stanely
700 ## - ADDED ENTRY--PERSONAL NAME
Personal name Tissander, Hugues
700 ## - ADDED ENTRY--PERSONAL NAME
Personal name Morel, Pierre
942 ## - ADDED ENTRY ELEMENTS (KOHA)
Koha item type CD-ROMs, DVDs, VHS
Source of classification or shelving scheme Dewey Decimal Classification
Classification part DVD
Call number suffix TRAN
Holdings
Withdrawn status Lost status Source of classification or shelving scheme Damaged status Not for loan Home library Current library Date acquired Source of acquisition Cost, normal purchase price Total Checkouts Full call number Barcode Date last seen Date checked out Copy number Cost, replacement price Price effective from Koha item type Total Renewals
    Dewey Decimal Classification     Central Library Central Library 20/10/2008 Purchase 499.00 2 DVD TRAN DVD-001053 28/11/2008 18/11/2008 1 499.00 20/10/2008 CD-ROMs, DVDs, VHS  
    Dewey Decimal Classification     Central Library Central Library 12/02/2009 Purchase 499.00 24 DVD TRAN DVD-001622 08/03/2013 04/03/2013 1 499.00 12/02/2009 CD-ROMs, DVDs, VHS  
    Dewey Decimal Classification     Patel Nagar Patel Nagar 20/10/2008 Purchase 499.00 27 DVD TRAN DVD-001055 24/11/2013 10/11/2013 1 499.00 20/10/2008 CD-ROMs, DVDs, VHS  
    Dewey Decimal Classification     Sarojini Nagar Sarojini Nagar 20/10/2008 Purchase 499.00 41 DVD TRAN DVD-001054 05/10/2015 16/09/2015 1 499.00 20/10/2008 CD-ROMs, DVDs, VHS 2

© Delhi Public Library
Hit Counter
free hit counter